| 000 | 00855nam a2200253 i 4500 | ||
|---|---|---|---|
| 001 | 16003 | ||
| 003 | ES-MaACL | ||
| 005 | 20230906151226.0 | ||
| 007 | t| | ||
| 008 | 000601s1998 sp ||||0| spa j | ||
| 020 | _a84-7846-779-3 | ||
| 040 |
_aM-BN _bspa _cM-BN |
||
| 080 | _a727.3(460.187 S.) | ||
| 100 | 1 |
_aGabaudan, Paulette. _953125 |
|
| 245 | 1 | 3 |
_aEl mito imperial _b: programa iconográfico de la Universidad de Salamanca / _cPaulette Gabaudan. |
| 260 |
_a[Valladolid] : _bConsejería de Educación y Cultura, _c1998. |
||
| 300 |
_a192 p. : _bil. n. ; _c25 cm. |
||
| 490 | 1 |
_aEstudios de arte ; _v12 |
|
| 610 | 2 | 7 |
_aUniversidad de Salamanca. _97275 |
| 710 | 1 |
_aCastilla y León. _bConsejería de Educación y Cultura. _92500 |
|
| 830 | 0 |
_aEstudios de arte ; _v12 _9179848 |
|
| 852 |
_aES-MaACL _jL-23167 _bR.128222 |
||
| 999 |
_c16003 _d16003 |
||